Valor en riesgo (Registro nro. 14525)

Detalles MARC
000 -CABECERA
Longitud fija campo de control 00611nam a22002057a 4500
003 - IDENTIFICADOR DELl NÚMERO DE CONTROL
Identificador del número de control OSt
005 - FECHA Y HORA DE LA ÚLTIMA TRANSACCIÓN
Fecha y hora de la última transacción 20141025113532.0
008 - CÓDIGOS DE INFORMACIÓN DE LONGITUD FIJA
Códigos de información de longitud fija 141009b xxu||||| |||| 00| 0 eng d
020 ## - NÚMERO INTERNACIONAL NORMALIZADO PARA LIBROS
Número Internacional Normalizado para Libros (ISBN) 84-368-1422-3
040 ## - FUENTE DE LA CATALOGACIÓN
Centro transcriptor BMC
082 ## - NÚMERO DE LA CLASIFICACIÓN DECIMAL DEWEY
Númeroo de clasificación 658.155
100 1# - PUNTO DE ACCESO PRINCIPAL-NOMBRE DE PERSONA
Nombre de persona Aragonés, José Ramón‏
9 (RLIN) 26486
245 10 - MENCIÓN DE TÍTULO
Título Valor en riesgo
Resto del título : aplicación a la gestión empresarial
Mención de responsabilidad, etc. José Ramón Aragonés, Carlos Blanco
260 ## - PUBLICACIÓN, DISTRIBUCIÓN, ETC. (PIE DE IMPRENTA)
Lugar de publicación, distribución, etc. Madrid
Nombre del editor, distribuidor, etc. Pirámide
Fecha de publicación, distribución, etc. cop. 2000
300 ## - DESCRIPCIÓN FÍSICA
Extensión 331 p.
Otras características físicas gráf.
Dimensiones 22 cm.
490 ## - MENCIÓN DE SERIE
Mención de serie Empresa y gestión
650 24 - PUNTO DE ACCESO ADICIONAL DE MATERIA - TÉRMINO DE MATERIA
9 (RLIN) 26474
Término de materia o nombre geográfico como elemento inicial Riesgo financiero
700 1# - PUNTO DE ACCESO ADICIONAL - NOMBRE DE PERSONA
Nombre de persona Blanco, Carlos
9 (RLIN) 26487
942 ## - ENTRADA DE ELEMENTOS AGREGADOS (KOHA)
Fuente de clasificaión o esquema Dewey Decimal Classification
Koha [por defecto] tipo de item 1- Monografias
Existencias
Suprimido Perdido Fuente de clasificación o esquema Estropeado Restricciones de uso No para préstamo Código de colección Localización permanente Localización actual Localización en estanter&íacute;as Fecha adquisición Fuente de adquisición Número de inventario Préstamos totales Signatura completa Código de barras Fecha última consulta Fecha último préstamo Fecha del precio de reemplazo Tipo de item de Koha
NULL NULL Dewey Decimal Classification NULL Prestable NULL NULL Biblioteca Miguel de Cervantes - UNICAES Biblioteca Miguel de Cervantes - UNICAES Sala Principal 18/08/2009 Donación - ADESH 022012 2 658.155 ARA val 1023470 21/07/2017 10/07/2017 13/10/2014 1- Monografias